Loading...
Handbook of multibiometrics /
| Other Authors: | |
|---|---|
| Format: | Printed Book |
| Published: |
New Delhi:
Springer,
2009.
|
| Subjects: |
| LEADER | 00496cam a2200157ua 4500 | ||
|---|---|---|---|
| 008 | 101020t2009||||||||||| 00 ||||| c | ||
| 082 | |a 570.151 95 |b ROS/H | ||
| 245 | 1 | 0 | |a Handbook of multibiometrics / |
| 260 | |a New Delhi: |b Springer, |c 2009. | ||
| 300 | |a 198p.. | ||
| 362 | 1 | |a 2009. | |
| 650 | 0 | |a Biometrics | |
| 700 | 0 | 2 | |a Ross,, Arun A. |
| 942 | |c BK | ||
| 999 | |c 23616 |d 23616 | ||
| 952 | |0 0 |1 0 |4 0 |6 570_151000000000000_95_ROS |7 0 |9 25103 |a KUCL |b KUCL |d 2014-05-23 |l 0 |o 570.151 95 ROS/ |p 24210 |r 2014-05-23 |w 2014-05-23 |y BK | ||